[Event "ICS rated blitz match"]
[Site "204.178.125.65"]
[Date "1999.07.31"]
[Round "?"]
[White "Hossa"]
[Black "MissSilicon"]
[Result "0-1"]
[WhiteElo "2472"]
[BlackElo "2619"]
[Annotator "Fritz 5.32 (19s)"]
[PlyCount "78"]
[EventDate "1999.??.??"]

1. d4 Nf6 2. c4 e6 3. Nc3 Bb4 4. Bg5 h6 5. Bh4 c5 6. d5 Bxc3+ (6... b5 7. e4 g5
8. Bg3 Nxe4 9. Be5 O-O 10. Qh5 d6 11. Bd3 Nxc3 12. Qxh6 Ne4+ 13. Kf1 dxe5 14.
Bxe4 f5 15. Qg6+ Kh8 16. Qh6+ Kg8 17. Qg6+ Kh8 18. h4 g4 19. Qh6+ Kg8 20. Qg6+
{- Yermolinsky,A-Shabalov,A/ch-USA, Parsippany (3) 1996 (20)}) 7. bxc3 e5 (7...
d6 8. f3 Qe7 9. e4 e5 10. Bd3 Nbd7 11. Ne2 Nf8 12. Bf2 h5 13. h4 Ng6 14. Qd2
Bd7 15. Be3 Nh7 16. Ng3 Nxh4 17. Nxh5 O-O-O 18. Qf2 Nf6 19. Nxg7 Nxf3+ 20. Ke2
Nh2 21. Nf5 Qf8 22. Nxd6+ {
Garcia Palermo,C-Giaccio,A/Clarin GP Final, Villa Gisell ARG 1998/0-1 (40)}) 8.
Nf3 $146 (8. f3 d6 9. e4 O-O 10. Bd3 Nbd7 11. Ne2 Re8 12. g4 g5 13. Bf2 Kg7 14.
Ng3 Nf8 15. Nf5+ Bxf5 16. gxf5 Nh5 17. h4 Nf4 18. hxg5 hxg5 19. Bg3 Nd7 20. Bc2
Rh8 21. Kd2 Qa5 22. a4 22... Rxh1 {
Adensamer,G-Lechenbauer,K/op, Schaan LIE (5) 1996/0-1 (35)}) (8. Qc2 d6 9. e3
Qe7 10. Nf3 Nbd7 11. Nd2 Nf8 12. Bd3 Bd7 13. O-O g5 14. Bg3 O-O-O 15. Rab1 Kb8
16. Rb2 Ka8 17. Rfb1 Rb8 18. Bf5 Nh5 19. Nb3 Ba4 20. Qe2 Ng7 21. Bc2 Bxb3 22.
axb3 f5 23. b4 {1-0 Duhayon,Y-Deleyn,G/Interteam ch, BEL 1997 (23)}) 8... g5 9.
Bg3 9... d6 {Sichert e5} 10. Nd2 Bf5 11. f3 {Deckt e4} 11... Nbd7 12. e4 Bh7
13. Be2 Nh5 14. Bf2 Qa5 15. Qc2 15... O-O $14 (15... Nb6 $5 $11 {
ist die kritische Fortsetzung}) 16. Be3 $11 (16. Rb1 $5 {
ist nicht von der Hand zu weisen} 16... Nb6 17. h4 $16) 16... Nf4 (16... f5 17.
O-O $11) 17. Bxf4 17... gxf4 {Schwarz erobert Raum} 18. Rb1 Qc7 19. Bd3 Kh8 20.
O-O Rg8 21. Qb2 b6 22. Rf2 Rg7 23. Nb3 Rag8 24. Rbf1 Nf6 25. Qe2 25... h5 {
Schwarz geht zum Angriff ueber} 26. Kh1 h4 27. Na1 $2 $19 (27. Bc2 $15 $142 {
ist noch spielbar}) 27... Nh5 28. Re1 (28. Qc2 h3 29. Re1 29... Qe7 $19) 28...
Ng3+ $1 {ein unangenehmes Schach} 29. hxg3 hxg3 30. Qc2 30... gxf2 {Droht Matt}
31. Qxf2 f5 32. Bf1 (32. exf5 {holt die Kuh nicht vom Eis} 32... Rg3 33. Kg1
33... Qg7 $19) 32... fxe4 33. fxe4 (33. Qh4 exf3 34. gxf3 Rg1+ 35. Kh2 35...
Qg7 $19) 33... Rg3 {Schwarz plant Qg7} 34. Qc2 (34. Kg1 {
aendert den traurigen Lauf der Dinge nicht} 34... f3 35. Nb3 35... fxg2 $19)
34... f3 (34... Qg7 35. Kg1 f3 36. Re3 fxg2 37. Rxg3 gxf1=R+ 38. Kxf1 Qxg3 39.
Qf2 Qd3+ 40. Ke1 Qxe4+ 41. Kd1 Qd3+ 42. Ke1 Qxc3+ 43. Kd1 Qxa1+ 44. Ke2 Qb2+
45. Kf3 Rf8+ 46. Kg4 Qxf2 47. Kg5 Qf4+ 48. Kh5 Rf5#) 35. Qd2 (35. Kg1 {
hilft allerdings auch nicht} 35... Qf7 36. Re2 36... Qf4 $19) 35... Qf7 (35...
Qg7 $5 $142 {waere im Gewinnsinne praeziser} 36. Kg1 fxg2 37. Re3 $19) 36. Re3
(36. Kg1 {ist noch eine Idee} 36... fxg2 37. Bxg2 $19) 36... Qf4 $1 {
triumphiert. Es droht Matt} 37. Re2 Qh4+ 38. Kg1 Rh3 39. Nb3 (39. g3 {
kann das Vorangegangene nicht ungeschehen machen} 39... f2+ 40. Rxf2 Rh1+ 41.
Kg2 Rxg3#) 39... Rh1# 0-1

[Event "ICS rated blitz match"]
[Site "204.178.125.65"]
[Date "1999.07.31"]
[Round "?"]
[White "Hossa"]
[Black "WWWebbyTWeasel"]
[Result "1-0"]
[WhiteElo "2462"]
[BlackElo "2160"]
[PlyCount "29"]
[EventDate "1999.??.??"]

1. d4 d5 2. c4 dxc4 3. e4 c5 4. d5 e6 5. Nc3 exd5 6. Qxd5 Be6 7. Qxb7 Nd7 8.
Bf4 g5 9. Nb5 gxf4 10. Qxa8 Be7 11. Nc7+ Kf8 12. Qxa7 Ngf6 13. Rd1 Nxe4 14.
Nxe6+ fxe6 15. Rxd7 {WWWebbyTWeasel resigns} 1-0

[Event "ICS rated blitz match"]
[Site "204.178.125.65"]
[Date "1999.07.31"]
[Round "?"]
[White "WWWebbyTWeasel"]
[Black "Hossa"]
[Result "0-1"]
[WhiteElo "2155"]
[BlackElo "2467"]
[PlyCount "33"]
[EventDate "1999.??.??"]

1. e4 e5 2. f4 exf4 3. Bc4 f5 4. Bxg8 Qh4+ 5. Kf1 Rxg8 6. Nf3 Qe7 7. exf5 d5 8.
d4 Bxf5 9. Bxf4 Nd7 10. Nc3 c6 11. Qd2 O-O-O 12. Re1 Qf7 13. h3 Bb4 14. g4 Bxc2
15. Kg2 Rdf8 16. Kg3 g5 17. Bxg5 {WWWebbyTWeasel resigns} 0-1

[Event "ICS rated blitz match"]
[Site "204.178.125.65"]
[Date "1999.07.31"]
[Round "?"]
[White "WWWebbyTWeasel"]
[Black "Hossa"]
[Result "0-1"]
[WhiteElo "2145"]
[BlackElo "2472"]
[PlyCount "54"]
[EventDate "1999.??.??"]

1. e4 e5 2. f4 exf4 3. Bc4 f5 4. exf5 Qh4+ 5. Kf1 f3 6. Bxg8 fxg2+ 7. Kxg2 Rxg8
8. Nf3 Qg4+ 9. Kf2 Be7 10. h4 d5 11. d4 Bxf5 12. Nc3 Be4 13. Bg5 Bxf3 14. Qxf3
Rf8 15. Qxf8+ Bxf8 16. Rae1+ Kd7 17. Nxd5 Qxd4+ 18. Ne3 Qxb2 19. Rd1+ Kc6 20.
Rh3 Qxa2 21. Rd8 Bc5 22. Rh2 Qxc2+ 23. Kg3 Qg6 24. Ng4 Bd6+ 25. Kh3 h6 26. Re2
Qd3+ 27. Re3 27... Qf1# {WWWebbyTWeasel checkmated} 0-1

[Event "ICS rated blitz match"]
[Site "204.178.125.65"]
[Date "1999.07.31"]
[Round "?"]
[White "Hossa"]
[Black "WWWebbyTWeasel"]
[Result "1-0"]
[WhiteElo "2476"]
[BlackElo "2141"]
[PlyCount "153"]
[EventDate "1999.??.??"]

1. d4 d5 2. c4 dxc4 3. e4 c5 4. d5 e6 5. Nc3 exd5 6. Qxd5 Be6 7. Qxb7 Nd7 8.
Bf4 g5 9. Nb5 gxf4 10. Qxa8 Qxa8 11. Nc7+ Kd8 12. Nxa8 Kc8 13. Rd1 Kb7 14. Bxc4
Ngf6 15. Bb5 Kxa8 16. Nf3 Nb8 17. Rd8 Kb7 18. e5 Nd5 19. O-O Kc7 20. Re8 a6 21.
Bc4 Bg7 22. Rxh8 Bxh8 23. Re1 Nb6 24. Bxe6 fxe6 25. Ng5 Kd7 26. Nxh7 Nc6 27.
Nf8+ Ke8 28. Nxe6 Bxe5 29. Nxf4 Kd7 30. Rd1+ Nd4 31. Nd3 Bd6 32. Nxc5+ Bxc5 33.
b4 Kc6 34. bxc5 Kxc5 35. Rc1+ Nc4 36. Kf1 a5 37. Ke1 a4 38. Rc3 a3 39. Kd1 Kb4
40. Rc1 Nb5 41. Rb1+ Nb2+ 42. Kd2 Nc3 43. Ra1 Nc4+ 44. Kc2 Nb6 45. Kd3 Nd7 46.
Kd4 Nc5 47. f3 N5a4 48. g4 Nb2 49. h4 Nc4 50. f4 Ne2+ 51. Ke4 Ng3+ 52. Kf3 Kc3
53. Rc1+ Kb2 54. Rxc4 Kxa2 55. Kxg3 Kb3 56. Rc5 a2 57. Ra5 Kb2 58. h5 a1=Q 59.
Rxa1 Kxa1 60. h6 Kb2 61. h7 Kc3 62. h8=Q+ Kc4 63. Qd4+ Kb5 64. Qc5+ Kxc5 65. g5
Kd5 66. f5 Ke5 67. f6 Ke6 68. Kf4 Kf7 69. Kf5 Kf8 70. g6 Kg8 71. Ke6 Kf8 72.
g7+ Kg8 73. Ke7 Kh7 74. Kf7 Kh6 75. g8=Q Kh5 76. Qg3 Kh6 77. Qh4# {
WWWebbyTWeasel checkmated} 1-0

[Event "ICS rated blitz match"]
[Site "204.178.125.65"]
[Date "1999.07.31"]
[Round "?"]
[White "WWWebbyTWeasel"]
[Black "Hossa"]
[Result "0-1"]
[WhiteElo "2137"]
[BlackElo "2480"]
[PlyCount "40"]
[EventDate "1999.??.??"]

1. e4 e5 2. f4 exf4 3. Bc4 f5 4. exf5 Qh4+ 5. Kf1 f3 6. d4 fxg2+ 7. Kxg2 Nf6 8.
Nc3 Be7 9. h3 Ne4 10. Nxe4 Qxe4+ 11. Nf3 Qxf5 12. Re1 d5 13. Bg5 Nc6 14. Bxe7
Qxh3+ 15. Kf2 Nxe7 16. Rxe7+ Kxe7 17. Qe2+ Kd8 18. Re1 Be6 19. Bxd5 Bxd5 20.
Qe7+ 20... Kc8 {WWWebbyTWeasel resigns} 0-1

[Event "ICS rated blitz match"]
[Site "204.178.125.65"]
[Date "1999.07.31"]
[Round "?"]
[White "Hossa"]
[Black "WWWebbyTWeasel"]
[Result "1-0"]
[WhiteElo "2484"]
[BlackElo "2133"]
[PlyCount "115"]
[EventDate "1999.??.??"]

1. d4 g6 2. c4 Bg7 3. e4 c5 4. dxc5 Qa5+ 5. Nd2 Qxc5 6. Be2 d6 7. Ngf3 Nf6 8.
O-O O-O 9. Nb3 Qc7 10. Bd3 Nc6 11. Bg5 Be6 12. Qd2 Rfe8 13. Rac1 Rac8 14. Nbd4
Bd7 15. Bh6 Bh8 16. Nb5 Qd8 17. h3 a6 18. Nc3 Rc7 19. Nd5 Nxd5 20. cxd5 Ne5 21.
Nxe5 Bxe5 22. b3 Rxc1 23. Rxc1 Qb8 24. Qg5 Bf6 25. Qf4 Rc8 26. Rf1 Qc7 27. Kh1
Qc3 28. Qf3 Bb5 29. Bxb5 Qxf3 30. gxf3 axb5 31. Rc1 Rxc1+ 32. Bxc1 Bd4 33. Be3
Bxe3 34. fxe3 Kf8 35. a3 Ke8 36. h4 Kd7 37. Kg2 e5 38. f4 f5 39. Kf3 b4 40.
axb4 b5 41. exf5 gxf5 42. e4 fxe4+ 43. Kxe4 exf4 44. Kxf4 Ke7 45. Kg5 Kf7 46.
h5 h6+ 47. Kxh6 Kf6 48. Kh7 Kf7 49. h6 Kf6 50. Kg8 Ke5 51. h7 Kxd5 52. h8=Q Ke4
53. Kf7 Kd3 54. Qe8 d5 55. Qxb5+ Kc3 56. Qxd5 Kxb4 57. Qd3 Kc5 58. Ke7 {
WWWebbyTWeasel resigns} 1-0

[Event "ICS rated blitz match"]
[Site "204.178.125.65"]
[Date "1999.07.31"]
[Round "?"]
[White "Hossa"]
[Black "jyrkip"]
[Result "1-0"]
[WhiteElo "2488"]
[BlackElo "2100"]
[PlyCount "77"]
[EventDate "1999.??.??"]

1. d4 f5 2. c4 Nf6 3. Nc3 e6 4. e3 d5 5. Bd3 c6 6. Bd2 Bd6 7. Nf3 Ne4 8. O-O
O-O 9. Rc1 Nd7 10. cxd5 exd5 11. a3 Ndf6 12. Qe2 Qe8 13. Rc2 Qh5 14. Bc1 Ng5
15. Ne5 Qxe2 16. Bxe2 Nf7 17. Nd3 Ne4 18. f3 Nxc3 19. bxc3 Bd7 20. c4 dxc4 21.
Rxc4 Rae8 22. Nc5 Bc8 23. Rc3 Ng5 24. e4 fxe4 25. Bxg5 exf3 26. Bxf3 Rf5 27.
Re3 Ref8 28. Ne4 Bc7 29. Be7 R8f7 30. Nd6 Bxd6 31. Bxd6 Bd7 32. Rfe1 g5 33. Bh5
R7f6 34. Be7 Rh6 35. Bg4 Rf4 36. Bxd7 Rxd4 37. Bxg5 Rg6 38. Re8+ Kg7 39. R1e7#
{jyrkip checkmated} 1-0

[Event "ICS rated blitz match"]
[Site "204.178.125.65"]
[Date "1999.07.31"]
[Round "?"]
[White "Hossa"]
[Black "PostModernist"]
[Result "0-1"]
[WhiteElo "2494"]
[BlackElo "2579"]
[PlyCount "260"]
[EventDate "1999.??.??"]

1. d4 Nf6 2. c4 Nc6 3. Nc3 e5 4. d5 Ne7 5. e4 Ng6 6. Bd3 Bc5 7. Nf3 O-O 8. O-O
Re8 9. Be3 Bxe3 10. fxe3 d6 11. Qe2 Bd7 12. Rae1 Ng4 13. a3 Qe7 14. Bc2 a5 15.
Bb3 b6 16. h3 Nf6 17. Qf2 c5 18. Qg3 Rad8 19. Qg5 Rb8 20. a4 Qd8 21. Re2 Bg4
22. hxg4 h6 23. Qf5 Ne7 24. Nxe5 Nxf5 25. Nc6 Ng3 26. Nxd8 Nxe2+ 27. Nxe2 Rbxd8
28. Rxf6 gxf6 29. Ng3 Re5 30. Bc2 Kh7 31. Nf5 Kg6 32. Nh4+ Kg7 33. Nf5+ Kg6 34.
Nh4+ Kh7 35. Nf5 Rd7 36. Kf2 Kg6 37. Nh4+ Kg7 38. Nf5+ Kh7 39. Kg3 Rd8 40. Kf2
Kg6 41. Nh4+ Kg7 42. Nf5+ Kg6 43. Nh4+ Kg5 44. Nf3+ Kxg4 45. Bd1 Re7 46. Ne5+
Kg5 47. Nc6 Rdd7 48. Nxe7 Rxe7 49. Bc2 Kh4 50. b3 Re5 51. Bd3 h5 52. Kf3 Rg5
53. Kf2 Rg4 54. Kf3 Rg5 55. Kf2 Rg4 56. Kf3 Rg8 57. Kf2 Rg5 58. Kf3 Rg4 59. Kf2
Rg5 60. Kf3 Rg4 61. Kf2 Kg5 62. g3 h4 63. gxh4+ Rxh4 64. Kg2 Kh6 65. Bb1 Kg7
66. Bd3 Kf8 67. Bb1 Ke7 68. Bc2 Kd7 69. Bb1 Rh8 70. Bd3 Rh4 71. Bb1 Kc7 72. Bd3
Kc8 73. Bc2 Kb7 74. Kf3 Rh2 75. Bd1 Rd2 76. Be2 Kc7 77. e5 fxe5 78. e4 Rc2 79.
Bd1 Rd2 80. Be2 Rc2 81. Bd1 Rh2 82. Ke3 f6 83. Bg4 Rb2 84. Bd1 Rg2 85. Kf3 Rd2
86. Be2 Rb2 87. Bd1 Rd2 88. Be2 Rb2 89. Bd1 Rh2 90. Ke3 Rh1 91. Kd2 Rh3 92. Bc2
Rh2+ 93. Kc3 Kb7 94. Bd3 Kc7 95. Bc2 Kc8 96. Bd1 Rg2 97. Bh5 Kb7 98. Bf7 Rg4
99. Kd3 Rg3+ 100. Kc2 Rg2+ 101. Kc3 Rg3+ 102. Kc2 Rg4 103. Kd3 Kc7 104. Be6
Rg3+ 105. Kc2 Rg2+ 106. Kc3 Kd8 107. Bf5 Ke7 108. Bh7 Rh2 109. Bf5 Rg2 110. Bh7
Kf7 111. Bf5 Kg7 112. Kd3 Kh6 113. Kc3 Kg5 114. Bh7 Rg3+ 115. Kc2 Re3 116. Bf5
Kf4 117. Bg6 Rxe4 118. Bxe4 Kxe4 119. Kd2 Kf3 120. Ke1 e4 121. Kf1 e3 122. Ke1
e2 123. Kd2 f5 124. b4 cxb4 125. c5 Kf2 126. Kc2 e1=Q 127. Kb2 Qc3+ 128. Ka2
Qc2+ 129. Ka1 b3 130. cxb6 130... Qa2# {Hossa checkmated} 0-1

[Event "ICS rated blitz match"]
[Site "204.178.125.65"]
[Date "1999.07.31"]
[Round "?"]
[White "populio"]
[Black "Hossa"]
[Result "0-1"]
[WhiteElo "2103"]
[BlackElo "2482"]
[PlyCount "90"]
[EventDate "1999.??.??"]

1. e4 e5 2. Nf3 Nf6 3. Nxe5 Nxe4 4. Nc3 Nxc3 5. dxc3 Be7 6. Bc4 O-O 7. O-O d6
8. Nf3 c6 9. Bf4 d5 10. Bd3 Bg4 11. h3 Be6 12. Re1 Nd7 13. Ne5 Nxe5 14. Bxe5
Bh4 15. Qh5 h6 16. Re3 Qg5 17. Qxg5 Bxg5 18. f4 Bh4 19. g3 Bd8 20. f5 Bd7 21.
Rae1 Bb6 22. Bd4 c5 23. Be5 c4 24. Bf1 Bxe3+ 25. Rxe3 Bxf5 26. Bf4 Rae8 27. Kf2
Bxc2 28. Bg2 Be4 29. Bd6 Bxg2 30. Rxe8 Rxe8 31. Kxg2 Re2+ 32. Kf3 Rxb2 33. a3
Rb3 34. Bb4 d4 35. Ke4 d3 36. Ke3 Rb2 37. a4 Re2+ 38. Kf3 Re6 39. Bc5 d2 40.
Be3 d1=Q+ 41. Kf2 Qc2+ 42. Kf3 Qxc3 43. Kf2 Qxe3+ 44. Kf1 Qxg3 45. h4 45...
Re1# {populio checkmated} 0-1

[Event "ICS rated blitz match"]
[Site "204.178.125.65"]
[Date "1999.07.31"]
[Round "?"]
[White "Hossa"]
[Black "populio"]
[Result "1-0"]
[WhiteElo "2485"]
[BlackElo "2100"]
[PlyCount "65"]
[EventDate "1999.??.??"]

1. d4 Nf6 2. c4 c5 3. d5 b5 4. cxb5 a6 5. f3 g6 6. e4 d6 7. Nc3 Bg7 8. a4 Nbd7
9. Bg5 O-O 10. Qd2 Qa5 11. Bh6 axb5 12. Bxg7 Kxg7 13. Bxb5 Ba6 14. Bxd7 Nxd7
15. Nge2 Rfb8 16. O-O Ne5 17. Ra2 Bc4 18. Ra3 Qb4 19. Rb1 Bd3 20. Rba1 Qxb2 21.
Qe1 Bxe2 22. Nxe2 Nc4 23. R3a2 Qb4 24. Qh4 Rb7 25. Nf4 Rba7 26. Kf2 Ne5 27. a5
Rxa5 28. Rxa5 Rxa5 29. Rxa5 Qxa5 30. Qxe7 Qd2+ 31. Kg3 Nc4 32. Ne6+ Kh6 33.
Qh4# {populio checkmated} 1-0

[Event "ICS rated blitz match"]
[Site "204.178.125.65"]
[Date "1999.07.31"]
[Round "?"]
[White "populio"]
[Black "Hossa"]
[Result "0-1"]
[WhiteElo "2122"]
[BlackElo "2488"]
[PlyCount "96"]
[EventDate "1999.??.??"]

1. e4 e5 2. Nf3 Nf6 3. Nxe5 Nxe4 4. Nc3 Nxc3 5. dxc3 Be7 6. Bd3 d6 7. Nf3 d5 8.
Bf4 O-O 9. Qd2 Bd6 10. O-O-O f6 11. h4 Bg4 12. h5 Bxf3 13. gxf3 Rf7 14. Rdg1
Nc6 15. Rg2 Bxf4 16. Qxf4 Ne5 17. Bf5 Re7 18. Rhg1 c5 19. h6 g6 20. Bxg6 Nxg6
21. Qxf6 Re1+ 22. Rxe1 Qxf6 23. b3 Qxf3 24. Rgg1 Qxc3 25. Kb1 Rf8 26. Re3 Qd2
27. Re7 Rxf2 28. Rg7+ Kh8 29. Rc1 b6 30. Rxa7 Qxh6 31. Ra8+ Nf8 32. Re8 Kg7 33.
Re7+ Kg8 34. Rb7 Rg2 35. Rc7 Qd6 36. Ra7 Qb8 37. Re7 Ng6 38. Rd7 Qa8 39. Rc7
Qa3 40. Rd7 d4 41. Re1 Nf8 42. Rd8 Rf2 43. Rg1+ Kh8 44. Re1 c4 45. bxc4 Qb4+
46. Kc1 Qxe1+ 47. Kb2 Qc3+ 48. Kc1 48... Qxc2# {populio checkmated} 0-1

[Event "ICS rated blitz match"]
[Site "204.178.125.65"]
[Date "1999.07.31"]
[Round "?"]
[White "karabakh"]
[Black "Hossa"]
[Result "1/2-1/2"]
[WhiteElo "2272"]
[BlackElo "2502"]
[PlyCount "115"]
[EventDate "1999.??.??"]

1. e4 e5 2. Nf3 Nf6 3. Nxe5 Nxe4 4. Qe2 d5 5. d3 Qe7 6. dxe4 Qxe5 7. exd5 Bd6
8. Nd2 O-O 9. Qxe5 Bxe5 10. Bd3 Re8 11. O-O Nd7 12. Nf3 Bd6 13. Be3 Ne5 14.
Nxe5 Bxe5 15. c3 c6 16. dxc6 bxc6 17. Bc4 Rb8 18. Bb3 a5 19. Rfe1 Bg4 20. f3
Bf5 21. Ba4 Rxb2 22. Bxc6 Rc8 23. Bc1 Rxg2+ 24. Kxg2 Bxc3 25. Re8+ Rxe8 26.
Bxe8 Bxa1 27. Bd2 Bb1 28. a4 Be5 29. Bxa5 Bf4 30. Bb6 g5 31. a5 Bd3 32. Bc6 h5
33. Bb7 g4 34. fxg4 hxg4 35. a6 Bb8 36. a7 Bxa7 37. Bxa7 Kg7 38. Kg3 f5 39. Kf4
Kh6 40. Bd4 Kh5 41. Bc8 Kg6 42. Be3 Kf6 43. Kg3 Ke5 44. Bf4+ Kf6 45. Kh4 Be4
46. Bd7 Ke7 47. Bc8 Kf6 48. Kh5 Bf3 49. Kh6 Bd5 50. Bg5+ Ke5 51. Kg6 Be4 52.
Bf6+ Kf4 53. Bd8 g3 54. Bc7+ Kf3 55. hxg3 f4+ 56. Bf5 Bxf5+ 57. Kxf5 Kxg3 58.
Bxf4+ {Game drawn because neither player has mating material} 1/2-1/2

[Event "ICS rated blitz match"]
[Site "204.178.125.65"]
[Date "1999.08.01"]
[Round "?"]
[White "Hossa"]
[Black "karabakh"]
[Result "1/2-1/2"]
[WhiteElo "2493"]
[BlackElo "2281"]
[PlyCount "136"]
[EventDate "1999.??.??"]

1. d4 Nf6 2. c4 d6 3. Nc3 Bf5 4. Bg5 Ne4 5. Nxe4 Bxe4 6. f3 Bg6 7. e4 c6 8. Qb3
Qb6 9. Qxb6 axb6 10. Bd3 Nd7 11. Ne2 e5 12. O-O Be7 13. Bxe7 Kxe7 14. a3 f6 15.
Rad1 exd4 16. Nxd4 Nc5 17. Bc2 Ne6 18. Ne2 Rhd8 19. Rd2 Bf7 20. Ng3 g6 21. a4
Nc5 22. b3 h5 23. Rfd1 h4 24. Ne2 Ne6 25. Kh1 g5 26. Kg1 Nf4 27. Nxf4 gxf4 28.
Bd3 Be6 29. Bb1 Rd7 30. Kf2 Rg8 31. Bd3 Kd8 32. Be2 Kc7 33. Rd4 Rdg7 34. Bf1
Rd7 35. R1d2 Rg5 36. Re2 Re7 37. Rd1 Re5 38. Red2 Rd7 39. Bd3 f5 40. exf5 Bxf5
41. Bxf5 Rxf5 42. Rd4 d5 43. b4 Kd6 44. g4 hxg3+ 45. hxg3 fxg3+ 46. Kxg3 Rg7+
47. Rg4 Rxg4+ 48. fxg4 Rf8 49. g5 Ke5 50. cxd5 cxd5 51. Re1+ Kd4 52. Re6 b5 53.
axb5 Kc4 54. Rf6 Rg8 55. Kg4 Kxb5 56. Rf7 Kxb4 57. Rxb7+ Kc3 58. Rc7+ Kd3 59.
Rc6 d4 60. g6 Ke2 61. Re6+ Kd2 62. Kf4 d3 63. Ke4 Ke2 64. Kd4+ Kf3 65. Kc3 Kg4
66. Kxd3 Kg5 67. Kd2 Rxg6 68. Rxg6+ 68... Kxg6 {
Game drawn because neither player has mating material} 1/2-1/2

[Event "ICS rated blitz match"]
[Site "204.178.125.65"]
[Date "1999.08.01"]
[Round "?"]
[White "brutus"]
[Black "Hossa"]
[Result "1-0"]
[WhiteElo "2049"]
[BlackElo "2484"]
[PlyCount "119"]
[EventDate "1999.??.??"]

1. e4 e5 2. Nf3 Nf6 3. Nc3 Bb4 4. Bc4 d6 5. d3 d5 6. exd5 Nxd5 7. Bd2 Bxc3 8.
bxc3 Bg4 9. O-O O-O 10. Qe2 Nc6 11. h3 Bxf3 12. Qxf3 Nf6 13. Rab1 Na5 14. Bb3
Qd6 15. Rfe1 Nxb3 16. axb3 c6 17. Bg5 Nd5 18. c4 Nc3 19. Ra1 a6 20. Bd2 Qd4 21.
Qe3 Rfe8 22. Qxd4 exd4 23. Bxc3 dxc3 24. Kf1 c5 25. Rxe8+ Rxe8 26. Re1 Rxe1+
27. Kxe1 b5 28. Ke2 Kf8 29. Ke3 Ke7 30. cxb5 axb5 31. d4 Kd6 32. Kd3 cxd4 33.
Kxd4 f5 34. Kxc3 Kc5 35. b4+ Kd5 36. Kd3 f4 37. g3 fxg3 38. fxg3 h6 39. g4 g5
40. c3 Ke5 41. c4 bxc4+ 42. Kxc4 Ke6 43. b5 Kd6 44. Kb4 Kc7 45. Kc5 Kb7 46. Kd5
Kb6 47. Kc4 Kc7 48. Kc5 Kb7 49. b6 Kb8 50. Kc6 h5 51. gxh5 Kc8 52. h6 Kd8 53.
h7 Ke7 54. h8=Q Kf7 55. Qh6 g4 56. hxg4 Ke7 57. b7 Kf7 58. b8=Q Ke7 59. Qc7+
Ke8 60. Qh8# {Hossa checkmated} 1-0

[Event "ICS rated blitz match"]
[Site "204.178.125.65"]
[Date "1999.08.01"]
[Round "?"]
[White "Hossa"]
[Black "SuperChicken"]
[Result "0-1"]
[WhiteElo "2454"]
[BlackElo "2702"]
[PlyCount "107"]
[EventDate "1999.??.??"]

1. d4 Nf6 2. c4 g6 3. Nc3 Bg7 4. e4 d6 5. f3 O-O 6. Be3 Nc6 7. Rb1 Bd7 8. b4 e5
9. d5 Nd4 10. Nge2 Nxe2 11. Bxe2 Nh5 12. O-O Nf4 13. Bxf4 exf4 14. Qd3 Re8 15.
c5 dxc5 16. bxc5 Qe7 17. Qc4 Qe5 18. Nd1 Rab8 19. Nf2 h6 20. Rb4 a5 21. Rb3 b5
22. cxb6 cxb6 23. Nd3 Qd6 24. Qc1 Bd4+ 25. Kh1 a4 26. Rb4 Be3 27. Qc2 b5 28. a3
Rbc8 29. Qa2 f6 30. Rd1 Rc3 31. Re1 Rec8 32. Rf1 R8c7 33. Rd1 Be8 34. Bf1 Rc8
35. Ra1 Bd7 36. Rb2 Bd4 37. Rd2 Rb3 38. Nb2 Be5 39. Be2 Rcc3 40. Qb1 Rxa3 41.
Rxa3 Rxa3 42. Rc2 Rb3 43. Qc1 Qa3 44. Nd1 Qxc1 45. Rxc1 a3 46. Rc2 Bb2 47. Nxb2
axb2 48. Rxb2 Rxb2 49. Bf1 Rb1 50. g4 Rxf1+ 51. Kg2 Rc1 52. h4 b4 53. Kf2 b3
54. g5 {Hossa resigns} 0-1

[Event "ICS rated blitz match"]
[Site "204.178.125.65"]
[Date "1999.08.01"]
[Round "?"]
[White "brutus"]
[Black "Hossa"]
[Result "0-1"]
[WhiteElo "2078"]
[BlackElo "2448"]
[PlyCount "132"]
[EventDate "1999.??.??"]

1. e4 e5 2. Nf3 Nf6 3. Nc3 Bb4 4. Bc4 d6 5. d3 d5 6. exd5 Nxd5 7. Bd2 Bxc3 8.
bxc3 Bg4 9. O-O O-O 10. h3 Bxf3 11. Qxf3 Nb6 12. Bb3 Nc6 13. Rae1 Qd6 14. Re4
Nd5 15. Rfe1 Rad8 16. Rh4 Nde7 17. Qh5 Qg6 18. Qf3 Qf5 19. Qxf5 Nxf5 20. Rhe4
a6 21. Bg5 Rd7 22. Ba4 b5 23. Bb3 Rb8 24. Kf1 a5 25. a3 a4 26. Ba2 Rf8 27. Bc1
Kh8 28. Kg1 Rdd8 29. Kf1 Nd6 30. R4e2 f6 31. Kg1 Nf5 32. Re4 Rfe8 33. g4 Nd6
34. R4e2 Rf8 35. Bd5 Ne7 36. Be6 Nb7 37. f4 Nc6 38. Bf5 Nd6 39. Be4 Nxe4 40.
Rxe4 g6 41. Kf2 f5 42. gxf5 gxf5 43. R4e2 exf4 44. Bxf4 Rd7 45. Re6 Nd8 46. Re7
Rxe7 47. Rxe7 Kg8 48. Rxc7 Ne6 49. Bd6 Nxc7 50. Bxc7 Rc8 51. Be5 Kf7 52. Ke3
Ke6 53. Bd4 h5 54. Kd2 f4 55. Bb6 Kd5 56. Ba5 Re8 57. Bb4 f3 58. Bc5 Kxc5 59.
Kc1 f2 60. Kb2 f1=Q 61. d4+ Kc6 62. d5+ Kxd5 63. c4+ Qxc4 64. c3 Qb3+ 65. Kc1
Re1+ 66. Kd2 66... Qd1# {brutus checkmated} 0-1

[Event "ICS rated blitz match"]
[Site "204.178.125.65"]
[Date "1999.08.01"]
[Round "?"]
[White "Hossa"]
[Black "brutus"]
[Result "1-0"]
[WhiteElo "2451"]
[BlackElo "2075"]
[PlyCount "79"]
[EventDate "1999.??.??"]

1. d4 Nf6 2. c4 g6 3. Nc3 d5 4. cxd5 Nxd5 5. e4 Nxc3 6. bxc3 Bg7 7. Bb5+ Bd7 8.
Qb3 O-O 9. Bxd7 Qxd7 10. Qxb7 Nc6 11. Qb2 Rab8 12. Qd2 Na5 13. Ne2 Nc4 14. Qd3
Qa4 15. O-O Rfd8 16. f3 c5 17. d5 e6 18. Bg5 Rd7 19. Rfb1 Rb6 20. Bf4 exd5 21.
exd5 Ne5 22. Bxe5 Bxe5 23. Rxb6 axb6 24. Qd2 b5 25. f4 Bf6 26. Rb1 Qc4 27. d6
Qe6 28. Rxb5 Rxd6 29. Rb8+ Kg7 30. Qc2 Qe3+ 31. Kh1 Rd2 32. Re8 Rxe2 33. Qxe2
Qc1+ 34. Qe1 Qxf4 35. Re4 Qd6 36. Re3 Qd5 37. Qe2 Qf5 38. Rf3 Qb1+ 39. Rf1 Qb5
40. Qxb5 {brutus resigns} 1-0

[Event "ICS rated blitz match"]
[Site "204.178.125.65"]
[Date "1999.08.01"]
[Round "?"]
[White "ekw"]
[Black "Hossa"]
[Result "0-1"]
[WhiteElo "2291"]
[BlackElo "2462"]
[PlyCount "48"]
[EventDate "1999.??.??"]

1. d4 e6 2. c4 d5 3. Nf3 c5 4. cxd5 exd5 5. Nc3 cxd4 6. Nxd4 Bc5 7. g3 Nf6 8.
Bg2 Ne4 9. Nb3 Bxf2+ 10. Kf1 Nxc3 11. bxc3 Qf6 12. Bf3 Bb6 13. Qxd5 O-O 14. Kg2
Qxc3 15. Ba3 Rd8 16. Qh5 Nc6 17. Rac1 Qe5 18. Rc2 Qxh5 19. Bxh5 Bf5 20. Rd2
Rxd2 21. Nxd2 Re8 22. Rc1 Be3 23. Rd1 Rd8 24. Bc1 24... Bc2 {ekw resigns} 0-1

[Event "ICS rated blitz match"]
[Site "204.178.125.65"]
[Date "1999.08.01"]
[Round "?"]
[White "Hossa"]
[Black "mkarp"]
[Result "0-1"]
[WhiteElo "2476"]
[BlackElo "2153"]
[PlyCount "73"]
[EventDate "1999.??.??"]

1. d4 Nf6 2. c4 g6 3. Nc3 Bg7 4. e4 d6 5. f3 O-O 6. Be3 Nc6 7. Rb1 a5 8. a3 e5
9. d5 Nd4 10. Bxd4 exd4 11. Nce2 c5 12. Qd2 a4 13. Nf4 Bh6 14. g3 Nh5 15. Nge2
f5 16. Bg2 fxe4 17. fxe4 Bg4 18. Rf1 Bxe2 19. Kxe2 Nxf4+ 20. gxf4 Qh4 21. h3
Qg3 22. Qd3 Qh2 23. Rf2 Rxf4 24. Bf3 Qg3 25. Rbf1 Raf8 26. Kd1 R4f7 27. Qe2 Be3
28. Rg2 Qxh3 29. Rh2 Rxf3 30. Rxf3 Qxf3 31. Qxf3 Rxf3 32. Ke2 Rf4 33. Kd3 Rf2
34. Rxf2 Bxf2 35. e5 dxe5 36. Ke4 Bg3 37. d6 {Hossa resigns} 0-1

[Event "ICS rated blitz match"]
[Site "204.178.125.65"]
[Date "1999.08.01"]
[Round "?"]
[White "Hossa"]
[Black "mkarp"]
[Result "0-1"]
[WhiteElo "2454"]
[BlackElo "2175"]
[PlyCount "68"]
[EventDate "1999.??.??"]

1. d4 Nf6 2. c4 g6 3. Nc3 Bg7 4. e4 d6 5. f3 O-O 6. Be3 Nc6 7. Rb1 a5 8. a3 e5
9. d5 Nd4 10. Bxd4 exd4 11. Nce2 c5 12. Qd2 a4 13. Nf4 Bh6 14. g3 Nh5 15. Nge2
f5 16. b4 fxe4 17. fxe4 Bg4 18. Qd3 Nxf4 19. gxf4 Bxe2 20. Kxe2 Bxf4 21. bxc5
dxc5 22. Rxb7 Be3 23. Kd1 Rb8 24. Rxb8 Qxb8 25. Be2 Qb2 26. Ke1 Qc1+ 27. Bd1
Rf2 28. h4 Rd2 29. Qb1 Rxd1+ 30. Ke2 Qd2+ 31. Kf3 Qf2+ 32. Kg4 h5+ 33. Kh3 Qf3+
34. Kh2 34... Bf4# {Hossa checkmated} 0-1